000 01521cam a22003492 4500
001 0000003525
005 20151217161133.0
008 070509s xx 000 0 eng d
020 _a080410464 :
_cGBP 3995 set
040 _aKABU
_cKABU
050 0 _aLB15
_b.I58 1994
245 1 4 _aThe International encylopedia of education /
_ceditors-in-chief Torsten Husen, I. Neville Postlethwaite.
250 _a2nd ed.
260 _aOxford :
_bElsevier Science,
_c1994.
300 _a12 v.
650 0 _aEducation
_vEncyclopedias.
_@0000153501
700 1 _aHusen, Torsten.
_@0000153502
908 _a070509
950 _@1
999 _c14950
_d14950